Integrované meranie výkonnosti v udržateľných sieťach dodávateľského reťazca automobilového priemyslu

Salvato in:
Dettagli Bibliografici
Autore principale: Štofová, Lenka, 1989-
Altri autori: Szaryszová, Petra, 1984-
Natura: Capitolo di libro
Lingua:slovacco
Tags: Aggiungi Tag
Nessun Tag, puoi essere il primo ad aggiungerne!!

MARC

LEADER 00000nla a2200000 4500
001 0224939
005 20240502073702.9
041 0 |a slo 
044 |a SK 
245 1 0 |a Integrované meranie výkonnosti v udržateľných sieťach dodávateľského reťazca automobilového priemyslu  |c Lenka Štofová, Petra Szaryszová 
500 |a Abstrakt 
100 1 |a Štofová, Lenka, 1989- 
700 1 |a Szaryszová, Petra, 1984-